| 000 | 02133nam0a2200385 4500 | ||
|---|---|---|---|
| 001 | RU\NLR\BIBL_A\010397919 | ||
| 005 | 20260409071340.0 | ||
| 010 |
_a978-5-903978-43-4 _9100 |
||
| 021 |
_aRU _b2014-29084 _91789 |
||
| 035 | _a(NLR Aleph) 010397919 | ||
| 035 | _a(NILC)RuMoRGB-006809430 | ||
| 090 |
_a9696399 _c9696400 |
||
| 100 | _a20140609d2014 k y0rusy50 ca | ||
| 101 | 0 | _arus | |
| 102 | _aRU | ||
| 105 | _ay z 100yy | ||
| 200 | 1 |
_aТекст как единица филологической интерпретации _eсборник статей IV Всероссийской научно-практической конференции с международным участием, 25 января 2014 года _g[редкол.: Куруленок А. А., к.филол.н., доц. (науч. ред.) и др.] |
|
| 210 |
_aКуйбышев, Новосибирская обл. _cНГПУ _d2014 |
||
| 215 |
_a323 с. _d21 |
||
| 300 | _aВ надзаг.: Новосибирский гос. пед. ун-т, Куйбышевский фил., Каф. русского яз., лит. и методики обучения | ||
| 320 | _aБиблиогр. в конце ст. | ||
| 606 |
_aТекст (лит.) _jСъезды, совещания и т.п _91498835 _3RU\NLR\AUTH\66649441 |
||
| 606 |
_aИнтерпретация (филол.) _jСъезды, совещания и т.п _92370311 _3RU\NLR\AUTH\661414822 |
||
| 686 | 1 | _aШ09 | |
| 686 | 1 | _aШ.в6 | |
| 702 | 1 |
_aКуруленок _bА. А. _gАндрей Александрович _4340 |
|
| 711 | 1 | 2 |
_a"Текст как единица филологической интерпретации", всероссийская научно-практическая конференция с международным участием _d4 _eКуйбышев _f2014 _9408409 _3RU\NLR\AUTH\880370946 |
| 801 | 0 |
_aRU _bРГБ _c20140424 _gRCR |
|
| 942 | _cBOOK | ||
| 980 | _aNBR | ||
| 980 | _aNB | ||